|
|
|
|
| LEADER |
01478nam a2200301 u 4500 |
| 001 |
10003689 |
| 003 |
upatras |
| 005 |
20231031102950.0 |
| 008 |
881025s gr gre |
| 020 |
|
|
|a 9602500506
|
| 040 |
|
|
|a GR-PaULI
|c GR-PaULI
|
| 041 |
0 |
|
|a gre
|
| 082 |
0 |
4 |
|a 100-09
|
| 100 |
1 |
|
|a Windelband, W.
|q (Wilhelm),
|d 1848-1915
|9 36749
|
| 245 |
1 |
0 |
|a Εγχειρίδιο ιστορίας της φιλοσοφίας
|c W. Windelband, H. Heimsoeth; μετάφραση Ν. Μ. Σκουτερόπουλος
|
| 250 |
|
|
|a β' έκδοση
|
| 260 |
|
|
|a Αθήνα
|b Μορφωτικό Ιδρυμα Εθνικής Τραπέζης
|
| 300 |
|
|
|c 22 εκ
|
| 650 |
|
4 |
|a Φιλοσοφία
|x Ιστορία
|9 3873
|
| 700 |
1 |
|
|a Σκουτερόπουλος, Νικόλαος Μ.,
|d 1938-
|9 132387
|
| 852 |
|
|
|a GR-PaULI
|b ΠΑΤΡΑ
|b ΒΚΠ
|b ΒΣ1
|k ΑΣΧΕ
|h 100-09 W
|m 12968
|t 1
|
| 852 |
|
|
|a GR-PaULI
|b ΠΑΤΡΑ
|b ΒΚΠ
|b ΒΣ1
|k ΑΣΧΕ
|h 100-09 W
|m 12969
|p 025000055136
|t 2
|
| 852 |
|
|
|a GR-PaULI
|b ΠΑΤΡΑ
|b ΒΚΠ
|b ΒΣ1
|k ΑΣΧΕ
|h 100-09 W
|m 12970
|t 3
|
| 942 |
|
|
|2 ddc
|c BK15
|
| 999 |
|
|
|c 78753
|d 78753
|
| 952 |
|
|
|0 0
|1 0
|4 0
|6 10009_W
|7 0
|9 118303
|a LISP
|b LISP
|c BSC
|d 2016-04-24
|i 12968
|l 0
|o 100-09 W
|r 2016-04-24
|t 1
|w 2016-04-24
|y BK15
|
| 952 |
|
|
|0 0
|1 0
|4 0
|6 10009_W
|7 0
|9 118304
|a LISP
|b LISP
|c BSC
|d 2016-04-24
|i 12969
|l 0
|o 100-09 W
|p 025000055136
|r 2016-04-24
|t 2
|w 2016-04-24
|y BK15
|
| 952 |
|
|
|0 0
|1 0
|4 0
|6 10009_W
|7 0
|9 118305
|a LISP
|b LISP
|c BSC
|d 2016-04-24
|i 12970
|l 0
|o 100-09 W
|r 2016-04-24
|t 3
|w 2016-04-24
|y BK15
|